00241nam a22000977a 4500082001400000100002200014245002100036260004800057300000700105650003100112 a297.4 JAC aJackson, Paul S.J aGuided By Maneri aGujrat, IndiabGujrat Sahitya Prakashc2016 a88 aSufism- Sharafuddin Maneri